Radar astronomy (Record no. 4552)

MARC details
000 -LEADER
fixed length control field 00571nam a2200193Ia 4500
003 - CONTROL NUMBER IDENTIFIER
control field IN-BaIIA
008 - FIXED-LENGTH DATA ELEMENTS--GENERAL INFORMATION
fixed length control field 211028s9999 xx 000 0 eng d
040 ## - CATALOGING SOURCE
Transcribing agency IIA Library
080 ## - UNIVERSAL DECIMAL CLASSIFICATION NUMBER
Universal Decimal Classification number 52-77
Item number RAD
245 #0 - TITLE STATEMENT
Title Radar astronomy
Statement of responsibility, etc. edited by John V. Evans and Tar Hagfors
260 ## - PUBLICATION, DISTRIBUTION, ETC.
Place of publication, distribution, etc. New York
Name of publisher, distributor, etc. McGraw-Hill
Date of publication, distribution, etc. 1968
300 ## - PHYSICAL DESCRIPTION
Extent xx, 620p.
650 ## - SUBJECT ADDED ENTRY--TOPICAL TERM
Topical term or geographic name entry element  Radar astronomy 
9 (RLIN) 7996
650 ## - SUBJECT ADDED ENTRY--TOPICAL TERM
Topical term or geographic name entry element  Radio telescopes
9 (RLIN) 7997
650 ## - SUBJECT ADDED ENTRY--TOPICAL TERM
Topical term or geographic name entry element Astronomy and astrophysics thesaurus 
9 (RLIN) 1143
700 ## - ADDED ENTRY--PERSONAL NAME
Personal name Evans, John V., ed.
9 (RLIN) 5439
700 ## - ADDED ENTRY--PERSONAL NAME
Personal name Tar, Hagfors., ed.
9 (RLIN) 7998
942 ## - ADDED ENTRY ELEMENTS (KOHA)
Koha item type Books
952 ## - LOCATION AND ITEM INFORMATION (KOHA)
-- 23.00
Holdings
Withdrawn status Lost status Damaged status Not for loan Home library Current library Shelving location Date acquired Total Checkouts Full call number Barcode Date last seen Price effective from Koha item type
        IIA Library-Bangalore IIA Library-Bangalore General Stacks 09/10/1974   52-77/ RAD 5079 05/11/2021 09/10/1974 Books

Powered by Koha